000 00523nmm a2200181Ia 4500
008 251105s9999||||xx |||||||||||||||||und||
041 _aspa
100 _aGarcía Naranjo, Pablo
245 0 _aCoburn
264 _a[Madrid, España] :
_bTyrannosaurus Books,
_c2015
300 _a216 páginas
650 _aSpanish narrative
700 _aGarcía Naranjo, Pablo
700 1 _a Rodríguez González, Jose Miguel
700 1 _a Gras Cots, Marc
856 _uhttps://public.digitaliapublishing.com/a/88620
942 _cCF
999 _c65922
_d65922